000 00392cam a2200145ua 4500
041 _aeng
_h
082 _a536.5
_bZEM/TE
100 _aZemansky, Mark W .
245 _aTemperatures- Very low and very high /
_cMark W Zemansky.
_hTextual Documents
260 _aNew York :
_bVan Nostrand Reinhold Company ,
_c1964.
300 _a127 ; .
504 _a
942 _cBK
999 _c7234
_d7234